Представление документа в формате RUSMARC

ПолеНазваниеЗначение
  Тип записи a
  Библиографический уровень m
001 Контрольный номер RU/ГПНТБ России/EK/84(2=411.2)6/Д 64-570824416
005 Дата корректировки 20260210102410.5
010 Индекс ISBN __
a ISBN 978-5-17-154021-0
b Уточнения в пер.
9 Тираж 2000
d Цена 370-87
100 Данные общей обработки __
a Данные общей обработки 20241202d2023 ma y0rusy0289
101 Язык документа 0_
a Язык текста rus
102 Страна публикации __
a Страна публикации RU
105 Кодированные данные (монография) __
a Кодированные данные (монография) y z 000gy
181 Поле кодированных данных: вид содержания _0
a Код вида содержания (ISBD) i
182 Поле кодированных данных: тип средства _0
a Код типа средства (ISBD) n
200 Заглавие и сведения об ответственности 1_
a Заглавие Красная ягода. Черная земля
e Сведения, относящиеся к заглавию сборник стихов
f Первые сведения об ответственности Анна Долгарева
g Последующие сведения об ответственности [предисловие Дмитрия Воденникова]
210 Выходные данные 1_
a Место издания Москва
c Издательство АСТ
d Дата издания 2023
215 Физическое описание __
a Объем 219, [4] с.
d Формат 22 см
225 Серия (Журнальная рубрика) 2_
a Серия (Журнальная рубрика) Мысли о Родине
327 Примечание о содержании 0_
a Примечание о содержании Содержание: Это я иду к тебе ; Прости ; У кота большая голова ; Девочки ; Чапай ; Омела ; Поэма дракона ; Мой Киев ; Скрипачу ; Падение Икара ; Жатва ; Закату ; Бог говорит Гагарину [и др.]
333 Примечание о целевом назначении __
a Примечание о целевом назначении 12+
464 Аналитический уровень _0
1 2001
a Бог говорит Гагарину
464 Аналитический уровень _0
1 2001
a Закату
464 Аналитический уровень _0
1 2001
a Жатва
464 Аналитический уровень _0
1 2001
a Падение Икара
464 Аналитический уровень _0
1 2001
a Скрипачу
464 Аналитический уровень _0
1 2001
a Мой Киев
464 Аналитический уровень _0
1 2001
a Поэма дракона
464 Аналитический уровень _0
1 2001
a Омела
464 Аналитический уровень _0
1 2001
a Чапай
464 Аналитический уровень _0
1 2001
a Девочки
464 Аналитический уровень _0
1 2001
a У кота большая голова
464 Аналитический уровень _0
1 2001
a Прости
464 Аналитический уровень _0
1 2001
a Это я иду к тебе
464 Аналитический уровень _0
1 2001
a В формате монолога
464 Аналитический уровень _0
1 2001
a Алена Апина
464 Аналитический уровень _0
1 2001
a Снова снежно, когда мне в дорогу
517 Другие варианты заглавия 1_
a Другие варианты заглавия Черная земля
517 Другие варианты заглавия 1_
a Другие варианты заглавия Чёрная земля
606 Тематические рубрики __
a Основная рубрика Художественная литература
606 Тематические рубрики __
a Основная рубрика Русская литература Новейшего времени (произведения)
610 Ключевые слова 0_
a Ключевые слова русская современная литература
a Ключевые слова тема Родины
a Ключевые слова тема жизни
a Ключевые слова тема смерти
a Ключевые слова писатели-лауреаты
a Ключевые слова стихи
686 Индексы других классификаций __
2 Код системы rubbk
a Индекс ББК 84(2=411.2)6-5я44
700 Автор _1
a Фамилия Долгарева
b Имя А. П.
g Полное личное имя Анна Петровна
f Даты 1988-
4 Код отношения 070
702 Вторичная интеллектуальная ответственность _1
4 Код отношения 080
a Фамилия Воденников
b Имя Д.
g Полное личное имя Дмитрий
801 Источник записи _0
b Организация ГПНТБ России
a Страна RU
c Дата составления 20241202
801 Источник записи _1
b Организация ГПНТБ России
a Страна RU
c Дата составления 20241202
801 Источник записи _2
a Страна RU
b Организация Центральная районная библиотека им. Г. А. Пирожникова
c Дата составления 20241204
g Правила каталогизации bzbo
852 Данные о местонахождении __
j Шифр хранения 84(2=411.2)6
i Авторский знак Д 641
901 Тип документа __
t Тип документа m
902 Роль лиц __
b Редактор БЗ ОКиО/Шумских